000 00574nam a22002057a 4500
005 20220603141754.0
008 220603b ||||| |||| 00| 0 eng d
020 _a0099686406
040 _cAL
041 _aEnglish
082 _223
_a947.084
_bGROM
100 _aAndrei Gromyko
_940326
245 _aMemories
260 _aLondon
_bArrow Books
_c1989
300 _axxi,474 p.
_bPB
_c18x11 cm.
650 _aGromyko, Andreĭ Andreevich, 1909-1989
_940327
650 _aStatesmen--Soviet Union--Biography
_940328
700 _aGROMYKO (Andrei)
_940329
942 _2ddc
_cGF
999 _c223227
_d223227